Diálogos / (Record no. 16255)

MARC details
000 -LEADER
campo de control de longitud fija 00858nam a2200265 i 4500
001 - NÚMERO DE CONTROL
campo de control 16255
003 - IDENTIFICADOR DE NÚMERO DE CONTROL
campo de control ES-MaACL
005 - FECHA Y HORA DE LA ÚLTIMA TRANSACCIÓN
campo de control 20251225063012.0
007 - CAMPO FIJO DE DESCRIPCIÓN FÍSICA--INFORMACIÓN GENERAL
campo de control de longitud fija t|
008 - DATOS DE LONGITUD FIJA--INFORMACIÓN GENERAL
campo de control de longitud fija 000821s1997 sp ||||1| spa d
020 ## - NÚMERO INTERNACIONAL ESTÁNDAR DEL LIBRO
Número Internacional Estándar del Libro 84-85081-30-7
080 ## - NÚMERO DE LA CLASIFICACIÓN DECIMAL UNIVERSAL
Número de la Clasificación Decimal Universal 929 Deleuze, Gilles (047.53)
100 0# - ENTRADA PRINCIPAL--NOMBRE DE PERSONA
Nombre de persona Deleuze, Gilles,
Fechas asociadas al nombre 1925-1995
9 (RLIN) 43377
245 10 - MENCIÓN DEL TÍTULO
Título Diálogos /
Mención de responsabilidad, etc. Gilles Deleuze, Claire Parnet ; traducción de José Vázquez Pérez.
250 ## - MENCION DE EDICION
Mención de edición 2ª ed.
260 ## - PUBLICACIÓN, DISTRIBUCIÓN, ETC.
Lugar de publicación, distribución, etc. Valencia :
Nombre del editor, distribuidor, etc. Pre-Textos,
Fecha de publicación, distribución, etc. 1997.
300 ## - DESCRIPCIÓN FÍSICA
Extensión 166 p. ;
Dimensiones 19 cm.
490 1# - MENCIÓN DE SERIE
Mención de serie Pre-textos ;
Designación de volumen o secuencia 33.
Mención de serie Ensayo
600 04 - PUNTO DE ACCESO ADICIONAL DE MATERIA--NOMBRE DE PERSONA
Nombre de persona Deleuze, Gilles,
Fechas asociadas al nombre 1925-1995-
Subdivisión de forma Entrevistas
9 (RLIN) 43379
700 1# - ENTRADA AGREGADA--NOMBRE PERSONAL
Nombre de persona Parnet, Claire.
9 (RLIN) 89202
700 1# - ENTRADA AGREGADA--NOMBRE PERSONAL
Nombre de persona Vázquez Pérez, José.
9 (RLIN) 113470
830 0# - PUNTO DE ACCESO ADICIONAL DE SERIE-TÍTULO UNIFORME
Título uniforme Pre-textos ;
Designación de volumen o secuencia 33.
Título uniforme Ensayo
9 (RLIN) 179721
852 ## - LOCALIZACIÓN
Ubicación ES-MaACL
Número de control de estantería L-23541
Sublocalización o colección R.128833
Holdings
Estatus retirado Estado de pérdida Estado de daño No para préstamo Biblioteca de origen Biblioteca actual Ubicación en estantería Fecha de adquisición Fuente de adquisición Total de préstamos Signatura topográfica completa Código de barras Visto por última vez Precio de reemplazo Tipo de ítem Koha
        Biblioteca del Ateneo de Madrid Biblioteca del Ateneo de Madrid Depósito 2 17/01/2008     L-23541 1016517 23/02/2023 23/02/2023 Libro impreso